|
|
|
|
| LEADER |
00716cam a2200193 7i4500 |
| 001 |
0000022944 |
| 005 |
20090622090000.0 |
| 022 |
0 |
0 |
|a 1511-3892
|
| 090 |
0 |
0 |
|a MAT 381.1025
|b MAL
|
| 110 |
2 |
0 |
|a Malaysia External Trade Development Corporation (MATRADE)
|
| 245 |
2 |
0 |
|a An Annual compilation of Malaysia convention & exhibitions 2009.
|
| 250 |
0 |
0 |
|a 2009 ed.
|
| 260 |
0 |
0 |
|a Kuala Lumpur:
|b MATRADE,
|c 2009.
|
| 300 |
# |
# |
|a 60 p.
|
| 650 |
0 |
0 |
|a Exhibitions --
|x Directories --
|z Malaysia
|
| 650 |
0 |
0 |
|a Conventions --
|x Directories --
|z Malaysia
|
| 651 |
0 |
0 |
|a Malaysia
|
| 999 |
|
|
|a 0000024439
|b Directories
|c MATRADEs Collection
|e Business Information Centre
|
| 999 |
|
|
|a 0000024438
|b Directories
|c MATRADEs Collection
|e Business Information Centre
|